Statistics for Countries By Descriptions #1

Click here to take the quiz!

General Stats

  • This quiz has been taken 38 times
  • The average score is 9 of 10

Answer Stats

HintAnswer% Correct
Northern Africa, bordering the Mediterranean Sea, between Morocco and TunisiaAlgeria
100%
Southeastern Asia, bordering the Gulf of Thailand, between Thailand, Vietnam, and LaosCambodia
97%
Oceania, continent between the Indian Ocean and the South Pacific OceanAustralia
94%
Southwestern Asia, between Turkey (to the west) and AzerbaijanArmenia
91%
Central America, bordering the Caribbean Sea, between Guatemala and MexicoBelize
91%
South Central Africa, north of South Africa, between Namibia and ZimbabweBotswana
91%
Central Africa, south of Libya, west of SudanChad
89%
Southeastern Asia, bordering the South China Sea and MalaysiaBrunei
83%
Western Africa, north of GhanaBurkina Faso
83%
Central Africa, east of Democratic Republic of the Congo, south of RwandaBurundi
77%

Score Distribution

Percentile by Number Answered

Percent of People with Each Score

Your Score History

You have not taken this quiz